| 000 | 00000nam 2200000za 4500 |
| 001 | 9.846926 |
| 003 | CaOODSP |
| 005 | 20221107153323 |
| 007 | cr ||||||||||| |
| 008 | 171109s1993 oncabc ob f100 0 eng d |
| 040 | |aCaOODSP|beng |
| 041 | |aeng|afre |
| 043 | |an-cn--- |
| 086 | 1 |aCS11-531/1993-PDF |
| 245 | 10|a75 years and counting |h[electronic resource] : |ba history of Statistics Canada. |
| 246 | 30|aHistory of Statistics Canada |
| 246 | 1 |iAdded cover title: |a75 ans à compter : |bl'histoire de Statistique Canada |
| 260 | |a[Ottawa] : |bStatistics Canada = Statistique Canada, |c[1993?] |
| 300 | |a101, 109 p. : |bill., maps, ports. |
| 500 | |aCover title. |
| 500 | |aDigitized edition from print [produced by Statistics Canada]. |
| 504 | |aIncludes bibliographical references (p. 99-101). |
| 530 | |aIssued also in print format. |
| 546 | |aText in English and French. |
| 692 | 07|2gccst|aFederal departments |
| 692 | 07|2gccst|aHistory |
| 710 | 2 |aStatistics Canada. |
| 792 | |t75 years and counting |efre|w(CaOODSP)9.846931 |
| 856 | 40|qPDF|s24.35 MB|uhttps://publications.gc.ca/collections/collection_2017/statcan/CS11-531-1993.pdf |
| 986 | |a11-531 |